000 00808nam a2200253Ia 4500
003 OSt
005 20220918112045.0
006 a|||||r|||| 00| 0
007 ta
008 220915b |||||||| |||| 00| 0 eng d
024 _a170318
037 _cTextbook
040 _beng
_aARTS
_cARTS
041 _aeng
082 _aO152,2M971,MT, G8
100 _aभट्ट, उदयशंकर
245 0 _aमत्स्यगन्था
246 _aMatsyaganthā
260 _aलाहौर
_bपंजाब संस्कृत पुस्तकालय भारत
_c1938
300 _a46 पृ0
_ccm.
650 _aहिन्दी साहित्य
942 _hO152,2M971,MT, G8
_cTB
_2CC
999 _c118130
_d118130